000
00229 a2200097 4500
001
6768
100
_a
Lewis, W E
245
_a
Application of Matrix Theory to Electrical Engineering
260
_a
_b
Spon
_c
090
_c
5595
_d
5595
942
_a
NUST-CAE
_c
M
_c
32039
999
_c
241841
_d
241841